KOHA-Header-6

Ortho's All About Roses (Record no. 2945)

000 -LEADER
fixed length control field 00304nam a2200121Ia 4500
008 - FIXED-LENGTH DATA ELEMENTS--GENERAL INFORMATION
fixed length control field 190902s9999||||xx |||||||||||||| ||und||
020 ## - INTERNATIONAL STANDARD BOOK NUMBER
International Standard Book Number 1-84330-165-2
100 ## - MAIN ENTRY--PERSONAL NAME
Personal name Dr. Tommy Cairns
245 #0 - TITLE STATEMENT
Title Ortho's All About Roses
260 ## - PUBLICATION, DISTRIBUTION, ETC. (IMPRINT)
Place of publication, distribution, etc Larkana
Name of publisher, distributor, etc Principle Cadet College
Date of publication, distribution, etc 174
300 ## - PHYSICAL DESCRIPTION
Extent 1999
942 ## - ADDED ENTRY ELEMENTS (KOHA)
Koha item type Books
Holdings
Withdrawn status Lost status Damaged status Not for loan Collection code Permanent Location Current Location Shelving location Date acquired Barcode Date last seen Price effective from Koha item type
        English Literature MAJU MAJU Shelf No.A15 2019-09-02 6619 2019-09-02 2019-09-02 English Literature

Powered by Koha